000 00495cam a2200205 4500
001 D11910
008 090401t1961 xxu||||| |||| 00| 0 eng d
035 _a(Sirsi) u235
041 _aeng
100 _aAdkin, B. W.
245 2 _aA handbook of the law relating to landlord and tenant
250 _a15th
260 _aLondon
_bEstate Gazette
_c1961
350 _a0
520 _aShelf 151
700 _aWalton, Raymond
700 _aEssayau, Michael
942 _n0
948 _c04/03/1997
999 _c85496
_d85496